Equipe de France: Joueurs passés par l'En Avant Guingamp - Statistiques

Statistiques générales
  • Ce quiz a été pris 202 fois
  • Le résultat moyen est 5 sur 15
Statistiques - réponses
Joueur Séléctions Période à Guingamp Période en EDF % Correct
Florent Malouda 80 2000-2003 2004-2012
79%
Marcus Thuram 3 2017-2019 2020-
76%
Stéphane Guivarc'h 14 1991-1995 - 2001-2002 1997-1999
68%
Jean-Pierre Papin 54 1998 1984-1995
58%
Jimmy Briand 5 2015-2018 2008-2012
57%
Clément Grenier 5 2018 2013-2014
45%
Vincent Candela 40 1995-1997 1996-2002
42%
Laurent Koscielny 42 2004-2007 2011-2018
41%
Cédric Carasso 1 2004-2005 2011
16%
Daniel Moreira 3 1996-1998 2002-2004
10%
Xavier Gravelaine 4 1995-1996 1992-1993
9%
Fabrice Divert 3 1995-1996 1990-1992
5%
Raymond Kéruzoré 2 1981-1984 1976-1978
5%
Philippe Tibeuf 2 1980-1984 1989-1991
2%
Jean-Noël Huck 17 1986-1987 1969-1976
1%
Aucun quiz correspondant
Distribution des résultats
% des personnes avec chaque résultat
Percentile par nombre de réponses
Votre historique - résultats
Vous n’avez pas pris ce quiz